| 000 | 00595nam a2200229 a 4500 | ||
|---|---|---|---|
| 001 | nice12345678 | ||
| 003 | IN_TiNIC | ||
| 005 | 20260116014724.0 | ||
| 008 | 131226s2009 pana grp 000 0 eng | ||
| 020 |
_a9788170589235 _c185 |
||
| 082 | 0 | 0 |
_a294.5924 _bAUR |
| 100 | _aAurobindo, | ||
| 245 |
_aMessage of the Gita _b As Interpreted By Sri Aurobindo |
||
| 260 |
_aPandicherry _bSri Aurobindo Ashram _c2009 |
||
| 300 | _a374p | ||
| 500 | _aincludes index and biblioraphy | ||
| 650 | _aBhagavad Gita | ||
| 700 | 1 | _aAurobindo, | |
| 902 | _bSRS | ||
| 942 | _cBK | ||
| 999 |
_c16645 _d16645 |
||